[Event "Helsingor Xtracon op"]
[Site "Helsingor"]
[Date "2019.07.24"]
[Round "6"]
[White "Green, Per"]
[Black "Viitaniemi, Olli"]
[Result "1-0"]
[WhiteElo "1959"]
[BlackElo "1778"]
[PlyCount "85"]
[EventDate "2019.07.20"]
[EventType "swiss"]
[EventRounds "10"]
[EventCountry "DEN"]
[SourceTitle "CBM 191 Extra"]
[Source "ChessBase"]
[SourceDate "2019.09.30"]
[SourceVersion "1"]
[SourceVersionDate "2019.09.30"]
[SourceQuality "1"]

1. Nf3 c5 2. c4 Nc6 3. b3 Nf6 4. Bb2 e6 5. g3 b6 6. Bg2 Bb7 7. 0-0 Qc7 8. Nc3 0-0-0 9. Nb5 Qb8 10. d4 a6 11. Nc3 Nxd4 12. Nxd4 Bxg2 13. Kxg2 cxd4 14. Qxd4 Bc5 15. Qd3 Qb7+ 16. Kg1 h5 17. Na4 h4 18. Nxc5 bxc5 19. Bxf6 hxg3 20. fxg3 gxf6 21. Rf2 f5 22. Rd1 a5 23. Qd6 Qc6 24. Qxc6+ dxc6 25. Rxd8+ Kxd8 26. e3 Ke7 27. Rd2 e5 28. Kg2 Ke6 29. Kf3 Rh3 30. Rf2 Rh8 31. Rd2 Rh3 32. Kg2 Rh8 33. Kg1 Rg8 34. Kf1 Rg4 35. Rf2 Rg8 36. Ke1 Rd8 37. Rd2 Rxd2 38. Kxd2 f4 39. exf4 exf4 40. g4 Kf6 41. h4 Kg6 42. Ke2 f5 43. g5 1-0

[Event "Helsingor Xtracon op"]
[Site "Helsingor"]
[Date "2018.07.21"]
[Round "1"]
[White "Green, Per"]
[Black "Moradiabadi, Elshan"]
[Result "0-1"]
[WhiteElo "1927"]
[BlackElo "2538"]
[PlyCount "58"]
[EventDate "2018.07.21"]
[EventType "swiss"]
[EventRounds "10"]
[EventCountry "DEN"]
[SourceTitle "CBM 185 Extra"]
[Source "ChessBase"]
[SourceDate "2018.07.29"]
[SourceVersion "1"]
[SourceVersionDate "2018.07.29"]
[SourceQuality "1"]

1. Nf3 d5 2. d4 e6 3. c4 a6 4. b3 Nf6 5. g3 dxc4 6. bxc4 c5 7. Bg2 Nc6 8. Qa4 cxd4 9. 0-0 Bd7 10. Ba3 Bxa3 11. Nxa3 0-0 12. Rab1 Ne4 13. Qc2 Nc5 14. h4 Rc8 15. Ng5 f5 16. Rfd1 Qa5 17. Qc1 h6 18. Nh3 e5 19. Bd5+ Kh8 20. f4 e4 21. Bxc6 Bxc6 22. Rxd4 Rfd8 23. Nc2 Qxa2 24. Rb2 Nb3 25. Rxd8+ Rxd8 26. Nb4 Nxc1 27. Nxa2 Nxa2 28. Rxa2 e3 29. Kh2 Rd2 0-1

[Event "Reykjavik op"]
[Site "Reykjavik"]
[Date "2018.03.11"]
[Round "6"]
[White "Kjartansson, Gudmundur"]
[Black "Green, Per"]
[Result "1/2-1/2"]
[WhiteElo "2432"]
[BlackElo "1961"]
[PlyCount "105"]
[EventDate "2018.03.06"]
[EventType "swiss"]
[EventRounds "9"]
[EventCountry "ISL"]
[SourceTitle "CBM 183 Extra"]
[Source "ChessBase"]
[SourceDate "2018.04.19"]
[SourceVersion "1"]
[SourceVersionDate "2018.04.19"]
[SourceQuality "1"]

1. d4 Nf6 2. Nf3 d5 3. c4 e6 4. Nc3 c5 5. cxd5 Nxd5 6. e4 Nxc3 7. bxc3 cxd4 8. cxd4 Bb4+ 9. Bd2 Bxd2+ 10. Qxd2 0-0 11. Be2 b6 12. 0-0 Bb7 13. Qf4 Nc6 14. Rad1 Ne7 15. Rd2 Rc8 16. Rfd1 Qc7 17. Qe3 Rfd8 18. h4 Bc6 19. Ba6 Rb8 20. Bd3 Ba4 21. Re1 Ng6 22. g3 h6 23. h5 Nf8 24. Kg2 Qe7 25. Rh1 Bc6 26. Rh4 Nh7 27. d5 exd5 28. Nd4 Bd7 29. exd5 Qd6 30. Bxh7+ Kxh7 31. Ne2 Kg8 32. Re4 Re8 33. Nf4 Rxe4 34. Qxe4 Re8 35. Qd4 Bf5 36. Re2 Rxe2 37. Nxe2 Bd7 38. Nc3 Bc6 39. Qe4 Bd7 40. Qc4 Qe5 41. Qh4 f6 42. Qc4 Qxh5 43. d6+ Kh7 44. Nd5 Bh3+ 45. Kg1 Qf3 46. Ne3 Bd7 47. Qd3+ Kh8 48. Qa6 Kh7 49. Qxa7 Bc6 50. Kf1 Bb5+ 51. Kg1 Bc6 52. Kf1 Bb5+ 53. Kg1 1/2-1/2

[Event "Vaxjo Nordic zt"]
[Site "Vaxjo"]
[Date "2017.06.26"]
[Round "1"]
[White "Green, Per"]
[Black "Rostgaard, Tobias Valentin"]
[Result "0-1"]
[WhiteElo "1965"]
[BlackElo "2327"]
[PlyCount "92"]
[EventDate "2017.06.26"]
[EventType "swiss"]
[EventRounds "9"]
[EventCountry "SWE"]
[SourceTitle "CBM 179 Extra"]
[Source "ChessBase"]
[SourceDate "2017.08.23"]
[SourceVersion "1"]
[SourceVersionDate "2017.08.23"]
[SourceQuality "1"]

1. c4 Nf6 2. Nf3 e6 3. g3 d5 4. Bg2 Be7 5. 0-0 0-0 6. d4 dxc4 7. Qc2 a6 8. a4 Bd7 9. Qxc4 Bc6 10. Bf4 a5 11. Nc3 Na6 12. Rac1 Nb4 13. Ne5 Bxg2 14. Kxg2 c6 15. e4 Nd7 16. Rfd1 Nb6 17. Qe2 Bd6 18. Be3 Qe7 19. Nf3 f5 20. Bg5 Qf7 21. Re1 h6 22. Bd2 Rad8 23. b3 Bb8 24. Nd1 fxe4 25. Qxe4 N6d5 26. Re2 Rfe8 27. Bxb4 axb4 28. Ne5 Bxe5 29. Qxe5 Qf5 30. Qe4 Qh5 31. Rc5 e5 32. dxe5 Nf4+ 33. gxf4 Qg4+ 34. Kf1 Rxd1+ 35. Re1 Qh3+ 36. Kg1 Rxe1+ 37. Qxe1 Re6 38. f5 Qxf5 39. Qe3 Rg6+ 40. Kf1 Qg4 41. Rc1 Qg2+ 42. Ke2 Rg4 43. Qc5 Re4+ 44. Kd3 Qf3+ 45. Kc2 Re2+ 46. Kb1 Qxb3+ 0-1

[Event "Reykjavik op"]
[Site "Reykjavik"]
[Date "2017.04.21"]
[Round "4"]
[White "Green, Per"]
[Black "Viglundsson, Bjorgvin"]
[Result "1-0"]
[WhiteElo "1966"]
[BlackElo "2143"]
[PlyCount "77"]
[EventDate "2017.04.19"]
[EventType "swiss"]
[EventRounds "10"]
[EventCountry "ISL"]
[SourceTitle "CBM 178 Extra"]
[Source "ChessBase"]
[SourceDate "2017.06.22"]
[SourceVersion "1"]
[SourceVersionDate "2017.06.22"]
[SourceQuality "1"]

1. c4 c5 2. Nc3 Nc6 3. g3 g6 4. Bg2 Bg7 5. a3 d6 6. Rb1 e6 7. b4 Nge7 8. bxc5 dxc5 9. Ne4 b6 10. Bb2 Bxb2 11. Rxb2 0-0 12. Nf3 e5 13. d3 f6 14. Qc1 Be6 15. h4 h5 16. Qh6 Qd7 17. 0-0 Rad8 18. Kh2 Rf7 19. Rbb1 Rdf8 20. Nc3 Rh7 21. Qc1 Kg7 22. Qb2 Rhh8 23. Rbd1 Rd8 24. Ne1 Nd4 25. Nc2 Nxc2 26. Qxc2 Rhe8 27. f4 exf4 28. Rxf4 Bg4 29. Rdf1 Nf5 30. R1f2 g5 31. hxg5 fxg5 32. Re4 Qd6 33. Rxg4 hxg4 34. Rxf5 Rh8+ 35. Kg1 Qxg3 36. Qd2 Qh2+ 37. Kf1 Rhf8 38. Qxg5+ Kh7 39. Qe7+ 1-0